000 00497nam a2200181Ia 4500
005 20250326145002.0
008 250326s9999 xx 000 0 und d
037 _aTextbook
040 _aFMSL
_beng
_cFMSL
041 _aeng
_2eng
084 _aX9B M8
_qFMSL
100 _aJaimini R K
_9745164
245 0 _aManagement of small scale industries
_cJaimini R K
260 _aJaipur
_bJaipur, Prateeksha
_c1988
300 _aiv,182
942 _cTB
_hX9B M8
999 _c1305920
_d1305920